00489nam a2200121Ia 4500008004100000245017300041260003900214260000900253300000700262650002600269650001200295856006000307170516s9999 xx 000 0 und d aLocally advanced rectal cancer: Qualitative and quantitative evaluation of diffusion-weighted MR imaging in the response assessment after neoadjuvant chemo-radiotherapy bEuropean Journal of Radiology Open c2016 a3: xRadiologic Technology xRadtech uhttp://www.sciencedirect.com/science/journal/23520477/3